| 000 | 00656nam a2200217 a 4500 | ||
|---|---|---|---|
| 005 | 20210219153451.0 | ||
| 008 | 991125n 000 0 u | ||
| 035 | _aUPN01000101616 | ||
| 100 | _aJaspers, Fons | ||
| 222 | 0 | _aEDUCATIONAL MEDIA INTERNATIONAL | |
| 245 | 0 | _aTarget group characteistics : are perceptional modality preferences relevant or instructional material design? | |
| 300 | _a235-240 | ||
| 362 | _a29, No. 4, 1992 | ||
| 505 | _aJulio 1993 | ||
| 653 | 0 | _aDESARROLLO DEL MATERIAL | |
| 653 | 0 | _aENSEĆANZA PROGRAMADA | |
| 653 | 0 | _aMODALIDADES DE APRENDIZAJE | |
| 653 | 0 | _aPERCEPCION | |
| 904 |
_aAC _b039427 |
||
| 905 | _aArticulo | ||
| 999 |
_c77667 _d77667 |
||